Matka nášho Pána katolícka mariológia

Bibliographic Details
Main Author: Krupa, Jozef, 1963- (Author)
Format: Book
Language:Slovak
PhysicalDescription:144 s. 20 cm
Published: Bratislava Oto Németh p2002
ISBN:8088949548
Edition:4. dopl. vyd.
Subjects:

MARC

LEADER 00000cam a2200000 a 4500
001 vtls001457439
003 SK-MaSNL
005 20260302002358.0
008 240313s2002 xo f n 000 0 slo
015 |a SNBA2004/02-00896 
020 |a 8088949548 
035 |a SNK000412746 
035 |a urn:nbn:sk:snk-amjdic 
035 |a urn:nbn:sk:snk-am002dvl 
035 |a 8DC143DF-AA9F-44CF-8F0C-E96B980B2C73 
040 |a SNK  |b slo  |c SNK  |e AACR2 
041 0 |a slo 
044 |a xo  |c SK 
072 7 |a 27-1/-2  |x Kresťanská teológia. Dogmatická teológia  |2 konspekt 
080 |a 27-312.47  |2 1981 
080 |a 27-312.47-5  |2 1981 
080 |a 2-284  |2 1981 
080 |a (048.8)  |2 1981 
100 1 |a Krupa, Jozef,  |d 1963-  |4 aut  |9 205467 
245 1 0 |a Matka nášho Pána  |b katolícka mariológia  |c Jozef Krupa 
250 |a 4. dopl. vyd. 
260 |a Bratislava  |b Oto Németh  |c p2002 
300 |a 144 s.  |c 20 cm 
500 |a 100 výt. 
504 |a Bibliogr. s. 141-144. Zoz. použ. skrat. 
600 0 7 |a Mária,  |c matka Ježišova, svätá  |2 SNK  |9 157751 
648 7 |a 21. stor.  |2 SNK  |9 304714 
650 0 7 |a mariológia  |2 SNK  |9 1997 
650 0 7 |a mariánsky kult  |2 SNKPH  |9 1996 
650 0 7 |a dogmatická teológia  |2 SNKPH  |9 1805 
655 7 |a štúdie  |2 SNKPH  |9 57033 
919 |a 80-88949-54-8 
958 |a NB 
958 |a NT 
999 |c 987806  |d 989736 
952 |t P60, <03>, [BOOK], {603}  |a SNK  |b SNK  |y PREZ  |7 0  |p 17A0392318  |o snkSD 73124  |i snkKSP 9289/2003  |0 0  |1 0  |4 0  |d 2003-07-29  |l 0  |r 2025-11-20 00:00:00  |w 2026-02-24 
952 |t P60, <04>, [BOOK], {604}  |a SNK  |b SNK  |y VYP  |7 0  |p 17A0392326  |o snkSD 73124 D1  |i snkKSP 9290/2003  |0 0  |1 0  |4 0  |d 2003-07-29  |f 1  |l 0  |r 2005-01-02 00:00:00  |w 2026-02-24